000 00784nam a2200253Ia 4500
003 OSt
005 20221005072651.0
006 a|||||r|||| 00| 0
007 ta
008 221004b |||||||| |||| 00| 0 urd d
020 _a8182233658 (hbk)
_c300
024 _a45301
037 _b2102, 11/02/2009, Educational Publishing House
_cTextual
040 _aCRL
_cCRL
_burd
041 _2urd
_aurd
082 _a4'HI, 168P8
100 _aAkhla Ahmd Au.
_9607391
245 0 _aHindustan mein farsi sahafat ki taraki
260 _aNew Delhi
_bEducational Publishing House India
_c2008
300 _a399p.
_ccm.
650 _aJOURNALISM
942 _h4'HI, 168P8
_cTEXL
_2cc
999 _c979851
_d979851